Desarrollo de aplicación para teléfono Android que brinde información sobre el trayecto del transporte urbano colectivo de Managua buses Managua : manual de usuario y programador
El manual describe aspectos para el uso y los aspectos técnicos de la aplicación móvil para teléfonos Android buses Managua. Dicha aplicación brindara información sobre el transporte urbano colectivo de Managua.
| Main Authors: | , |
|---|---|
| Other Authors: | |
| Format: | Tesis Section = Libro |
| Language: | Undetermined Spanish |
| Published: |
Managua
UNI
2015
|
| Subjects: |
| LEADER | 01132nam a2200253Ia 4500 | ||
|---|---|---|---|
| 008 | 240830s9999 xx 000 0 und d | ||
| 040 | |a BIBLIOTECA-RUSB/ Mon 005.26 G216ma | ||
| 041 | |a spa | ||
| 082 | |a Mon 005.26 G216ma | ||
| 100 | 1 | |a García Carballo, Julio Femér | |
| 100 | 1 | |b Malespín Cabrera, José Asdrúbal | |
| 245 | 1 | 0 | |a Desarrollo de aplicación para teléfono Android que brinde información sobre el trayecto del transporte urbano colectivo de Managua buses Managua : manual de usuario y programador |
| 260 | |a Managua |b UNI |c 2015 | ||
| 300 | |a 86 p. :il. | ||
| 500 | |a Contiene: anexos y CD. | ||
| 502 | |a Tesis (Ingeniero en Computación) - UNI, 2015. | ||
| 520 | 3 | |a El manual describe aspectos para el uso y los aspectos técnicos de la aplicación móvil para teléfonos Android buses Managua. Dicha aplicación brindara información sobre el transporte urbano colectivo de Managua. | |
| 650 | 7 | |a DISPOSITIVOS ANDROID-MANUAL | |
| 650 | 7 | |b SISTEMA ANDROID | |
| 650 | 7 | |c APLICACIÓN MOVIL | |
| 700 | 1 | |a Tutor: |b Flores Quintana, Gloria Thalía | |
| 942 | |c BK |2 ddc | ||
| 991 | |a TESIS | ||
| 999 | |c 19716 | ||